A Caribbean mystery : Miss Marple / Agatha Christie.
There is no rest or relaxation for Miss Marple. Agatha Christie's most appealing sleuth returns in this classic baffler of a vacation-turned-deadly. Nephew Raymond West has given his favourite aunt a vacation at a beautiful resort in the Caribbean. While there she encounters an old wind-bag. One of his stories is about meeting a murderer. He has a snapshot. Suddenly he hesitates, and gets flustered. By the next morning he is dead, seemingly of natural causes. Miss Marple has doubts. And well she should.
Record details
- ISBN: 9781572705494
- ISBN: 1572705493
- Physical Description: 5 audio discs (6 hr.) : digital ; 4 3/4 in.
- Publisher: Auburn, CA : Audio Partners, ℗2006, [1964]
Content descriptions
| General Note: | Unabridged. Compact discs. |
| Participant or Performer Note: | Read by Rosalind Ayres. |
Search for related items by subject
| Subject: | Marple, Jane (Fictitious character) > Fiction. Women detectives > Fiction. Caribbean Area > Fiction. |
| Genre: | Detective and mystery stories. Classic Audiobooks. |
Search for related items by series
Available copies
- 1 of 1 copy available at scottsboropl.
Holds
- 0 current holds with 1 total copy.
Other Formats and Editions
Show Only Available Copies
| Location | Call Number / Copy Notes | Barcode | Shelving Location | Status | Due Date |
|---|---|---|---|---|---|
| scottsboropl | Bk/CD Chr | 32269001005068 | Adult - Audiobook | Available | - |
| LDR | 01786nim a2200481 a 4500 | ||
|---|---|---|---|
| 001 | 143135 | ||
| 003 | SBPL | ||
| 005 | 20170406083350.0 | ||
| 007 | sd fsngnnmmneu | ||
| 008 | 070803t20061964caunnnng f n eng d | ||
| 010 | . | ‡a 2007656676 | |
| 020 | . | ‡a9781572705494 ‡q(compact disk) | |
| 020 | . | ‡a1572705493 ‡q(compact disk) | |
| 024 | 1 | . | ‡a601531554927 |
| 024 | 3 | . | ‡a9781572705494 |
| 028 | 0 | 2. | ‡a55549 ‡bAudioPartners |
| 035 | . | ‡a(CONS)143135 | |
| 035 | . | ‡a(CPomAG)LMN598902 | |
| 050 | 0 | 0. | ‡aRZC 0273 |
| 082 | 0 | 4. | ‡a[Fic] |
| 100 | 1 | . | ‡aChristie, Agatha, ‡d1890-1976. : ‡eauthor |
| 245 | 1 | 2. | ‡aA Caribbean mystery : ‡bMiss Marple / ‡cAgatha Christie. |
| 260 | . | ‡aAuburn, CA : ‡bAudio Partners, ‡c℗2006, [1964] | |
| 300 | . | ‡a5 audio discs (6 hr.) : ‡bdigital ; ‡c4 3/4 in. | |
| 306 | . | ‡a060000 | |
| 336 | . | ‡aspoken word ‡bspw ‡2rdacontent | |
| 337 | . | ‡aaudio ‡bs ‡2rdamedia | |
| 338 | . | ‡aaudio disc ‡bsd ‡2rdacarrier | |
| 500 | . | ‡aUnabridged. | |
| 500 | . | ‡aCompact discs. | |
| 490 | 1 | . | ‡aA Miss Marple mystery : ‡vBk 10 |
| 511 | 0 | . | ‡aRead by Rosalind Ayres. |
| 520 | . | ‡aThere is no rest or relaxation for Miss Marple. Agatha Christie's most appealing sleuth returns in this classic baffler of a vacation-turned-deadly. Nephew Raymond West has given his favourite aunt a vacation at a beautiful resort in the Caribbean. While there she encounters an old wind-bag. One of his stories is about meeting a murderer. He has a snapshot. Suddenly he hesitates, and gets flustered. By the next morning he is dead, seemingly of natural causes. Miss Marple has doubts. And well she should. | |
| 650 | 0. | ‡aMarple, Jane (Fictitious character) ‡vFiction. | |
| 650 | 0. | ‡aWomen detectives ‡vFiction. | |
| 651 | 0. | ‡aCaribbean Area ‡vFiction. | |
| 655 | 4. | ‡aDetective and mystery stories. | |
| 655 | 7. | ‡aClassic | |
| 655 | 7. | ‡aAudiobooks. ‡2lcgft | |
| 800 | 1 | . | ‡aChristie, Agatha, ‡d1890-1976. ‡tMiss Marple mystery : ‡vBk 10 |
| 700 | 1 | . | ‡aAyres, Rosalind. ‡4nrt |
| 901 | . | ‡a143135 ‡bUnknown ‡c143135 ‡tbiblio | |